000 00589nam a2200241Ia 4500
003 OSt
005 20220918183322.0
006 a|||||r|||| 00| 0
007 ta
008 220917b |||||||| |||| 00| 0 eng d
024 _a37,312
037 _cTextual
040 _aARTS
_cARTS
_beng
041 _2eng
_aeng
082 _aO13:1C:9, D1
100 _aCholmeley R J ed
_962518
245 0 _aIdylls of theocritus
250 _a4th
260 _c1911
650 _aENGLISH LITERATURE
942 _hO13:1C:9, D1
_cTEXL
_2CC
999 _c172225
_d172225